Cities in Algeria - Sudden Death - Statistics

General Stats
  • This quiz has been taken 77 times
  • The average score is 8 of 15
Answers on the Grid
Answers color-coded by a green-red scale on the quiz's grid according to % correct below.
Constantine
Algiers
Oran
Annaba
Blida
Batna
Djelfa
Sétif
Sidi bel Abbès
Biskra
Tébessa
Skikda
Tiaret
Béjaïa
Mostaganem
Benghazi
Bayda
Tobruk
Bamako
Sikasso
Gao
Sousse
Tunis
Sidon
Beirut
Amman
Zarqa
Badr
 
Answer Stats
Answer % Correct
Algiers
87%
Oran
69%
Sidi bel Abbès
60%
Béjaïa
58%
Constantine
58%
Sétif
58%
Djelfa
53%
Annaba
51%
Biskra
49%
Mostaganem
49%
Tébessa
49%
Blida
47%
Tiaret
47%
Skikda
42%
Batna
40%
No matching quizzes found
Score Distribution
Percent of People with Each Score
Percentile by Number Answered
Your Score History
You have not taken this quiz